Name the former country by existing years - Statistics

General Stats
  • This quiz has been taken 27 times
  • The average score is 10 of 15
Answer Stats
Hint Answer % Correct
1810 - 1959
(Oceania/North America)
Hawaii
84%
330 - 1453
(Europe/Asia/Africa
Byzantine Empire
80%
1819 - 1831
(South America)
Gran Colombia
76%
1520 - 1720
(North America/Europe)
Greenland
76%
1912 - 1951
(Asia)
Tibet
76%
1964 - 1964
(Africa)
Zanzibar
76%
1922 - 1991
(Asia/Europe)
Soviet Union
72%
27 BC - 480 AD
(Europe/Asia/Africa)
Roman Empire
68%
1836 - 1845
(North America)
Texas
64%
1918 - 1992 Yugoslavia
60%
756 - 1870
(Europe)
Papal States
56%
1823 - 1841
(North America)
Central American Union
52%
843* - 1706
(Europe)
Scotland
48%
1569 - 1795
(Europe)
Poland Lithuania
44%
700* - 1797
(Europe)
Venice
32%
No matching quizzes found
Score Distribution
Percent of People with Each Score
Percentile by Number Answered
Your Score History
You have not taken this quiz